| 000 | 00467nam a2200145 i 4500 | ||
|---|---|---|---|
| 001 | 46573 | ||
| 003 | ES-MaACL | ||
| 007 | t| | ||
| 008 | 030331s1879 be ||||1| fre d | ||
| 111 | 2 |
_aCongrés Bibliographique International. _9226 |
|
| 245 | 1 | 0 |
_aCongrés Bibliographique International tenu á Paris du 1er au 4er juillet 1878 _b: compte-reundu des travaux. |
| 260 |
_aBruxelles : _bA. Vromant, _c1879. |
||
| 300 |
_a575 p. ; _c25 cm. |
||
| 852 |
_aES-MaACL _jG-1138 |
||
| 999 |
_c46573 _d46573 |
||